Plus proche de Paris ou Moscou ? - Statistiques

Statistiques générales
  • Ce quiz a été pris 181 fois
  • Le résultat moyen est 10 sur 15
Statistiques - réponses
Question Réponse % Correct
Minsk Moscou
100%
Ankara Moscou
100%
Le caire Moscou
80%
Bucarest Moscou
80%
Varsovie Moscou
80%
N'Djamena Paris
80%
Prague Paris
80%
Tripoli Paris
80%
Khartoum Moscou
60%
Gaborone Paris
60%
Oslo Paris
60%
Belgrade Paris
40%
Sofia Paris
40%
Athènes Paris
40%
Stockholm Moscou
20%
Aucun quiz correspondant
Distribution des résultats
% des personnes avec chaque résultat
Percentile par nombre de réponses
Votre historique - résultats
Vous n’avez pas pris ce quiz